Statistics for Carolinas Area Codes Quiz

Click here to take the quiz!

General Stats

  • This quiz has been taken 7 times
  • The average score is 10 of 13

Answer Stats

LocationAnswer% Correct
Columbia803
100%
Lowcountry, Charleston843
100%
Greenville(SC), Spartanburg864
100%
Metro Charlotte704
83%
Asheville, Hickory828
83%
Research Triangle, Raleigh919
83%
Outer Banks, Greenville(NC)252
67%
Greensboro, Winston-Salem336
67%
Lowcountry, Charleston854
67%
Fayetteville, Wilmington910
67%
Research Triangle, Raleigh984
67%
Metro Charlotte980
50%
Greensboro, Winston-Salem743
33%

Score Distribution

Percentile by Number Answered

Percent of People with Each Score

Your Score History

You have not taken this quiz